00771 2200253 4500001002100000005001500021035002000036007000300056008004100059020001800100100003800118245008200156250001200238300004300250264003600293336002100329337003000350338002300380082001000403084001600413650004200429650003300471990001300504INLIS00000000112137820241105031218 a0010-1024000210ta241105 0 eng  a97860245337000 aMuhammad Badrus SholehePengarang1 aEnglish Listening Examination For Vocational Scholl /cMuhammad Badrus Sholeh aEdisi 1 axiv, 250 halaman :bilustrasi ;c20 cm aYogyakarta :bDeepublish,c2017 2rdacontentaTeks 2rdamediaaTanpa Perantara 2rdacarrieraVolume a420,7 a420,7 MUH e 4aBahasa Inggris - Studi dan pengajaran 4aEnglish - Study and teaching a24/00336